[Event "6eme Open d'Echecs de Saint-Chely d'Aub"]
[Site "Saint-Chely d'Aubrac (12)"]
[Date "2006.07.18"]
[Round "5.30"]
[White "Tournier, Jean-Pascal"]
[Black "Lepere, Philippe"]
[Result "1/2-1/2"]
[WhiteElo "1560"]
[BlackElo "1720"]
[PlyCount "98"]

1. e4 d6 2. d4 Nf6 3. Nc3 c6 4. f3 Nbd7 5. Be3 e5 6. Bc4 Be7 7. Qd2 b5 8. Bb3
Nb6 9. Nh3 a6 10. O-O Bxh3 11. gxh3 exd4 12. Bxd4 c5 13. Bxf6 gxf6 14. Bd5 Rc8
15. Bb7 b4 16. Nd5 Nxd5 17. Bxc8 Qxc8 18. exd5 Qxh3 19. Rae1 Rg8+ 20. Kh1 Kd7
21. Qe2 Re8 22. Rg1 Qf5 23. Qe4 Qh5 24. Qg4+ Qxg4 25. Rxg4 f5 26. Rg7 Rf8 27.
Rxh7 Bf6 28. b3 Bd4 29. Re2 f4 30. h3 Be3 31. Rg2 Ke7 32. Rhg7 Kf6 33. Rg8 Rxg8
34. Rxg8 Ke5 35. h4 Kxd5 36. h5 Kd4 37. h6 Kc3 38. h7 Bd4 39. h8=Q Bxh8 40.
Rxh8 Kxc2 41. Ra8 d5 42. Rc8 Kb2 43. Rxc5 Kxa2 44. Rxd5 Kxb3 45. Rd4 Kc3 46.
Rxf4 b3 47. Rxf7 b2 48. Rb7 Kc2 49. f4 a5 1/2-1/2

[Event "6eme Open d'Echecs de Saint-Chely d'Aub"]
[Site "Saint-Chely d'Aubrac (12)"]
[Date "2006.07.18"]
[Round "5.31"]
[White "Saucey, Milena"]
[Black "Saucey, Capucine"]
[Result "0-1"]
[WhiteElo "1390"]
[BlackElo "1660"]
[PlyCount "59"]

1. d4 d5 2. e4 e6 3. Nc3 Bb4 4. f3 Ne7 5. Bb5+ c6 6. Be2 Nd7 7. Nh3 dxe4 8.
fxe4 Nf6 9. e5 Ne4 10. Bd2 Nxd2 11. Qxd2 Nd5 12. O-O Bd7 13. a3 Bxc3 14. bxc3
h6 15. c4 Nc7 16. Qf4 Qe7 17. Rf2 g5 18. Qf6 Qxf6 19. Rxf6 Ke7 20. Bh5 Raf8 21.
Raf1 Rh7 22. Nf2 Ne8 23. Rf3 Rg7 24. Ne4 b6 25. c5 b5 26. Nd6 Nxd6 27. cxd6+
Ke8 28. Rb3 Kd8 29. Rbf3 Be8 30. Rb3 0-1

[Event "6eme Open d'Echecs de Saint-Chely d'Aub"]
[Site "Saint-Chely d'Aubrac (12)"]
[Date "2006.07.18"]
[Round "5.32"]
[White "Ruetsch, Johan"]
[Black "Carrie, Emilien"]
[Result "1-0"]
[WhiteElo "1550"]
[BlackElo "1199"]
[PlyCount "41"]

1. e4 e5 2. Nf3 Nc6 3. Bb5 Bb4 4. O-O Nf6 5. d3 O-O 6. Bg5 d6 7. h3 Be6 8. Nc3
Qc8 9. Nd5 Nxd5 10. exd5 Bxd5 11. Nh4 a6 12. Bxc6 bxc6 13. Qh5 Qe6 14. c4 g6
15. cxd5 cxd5 16. Qg4 Qe8 17. Qxb4 c5 18. Qd2 Qb8 19. Bf6 Re8 20. Qh6 Re6 21.
Qg7# 1-0

[Event "6eme Open d'Echecs de Saint-Chely d'Aub"]
[Site "Saint-Chely d'Aubrac (12)"]
[Date "2006.07.18"]
[Round "5.34"]
[White "Schneider, Martin"]
[Black "Vernet, Pierrick"]
[Result "1-0"]
[WhiteElo "1500"]
[BlackElo "1099"]
[PlyCount "95"]

1. e4 e5 2. Nf3 Nf6 3. Nc3 Nc6 4. Bb5 a6 5. Bxc6 bxc6 6. d3 d6 7. O-O Be7 8.
Bg5 O-O 9. Bxf6 Bxf6 10. d4 Re8 11. Re1 Rb8 12. b3 h6 13. Qd2 Bg5 14. Qd3 a5
15. Nxg5 Qxg5 16. d5 Bb7 17. Rad1 Rbd8 18. a3 Ra8 19. Qe3 Qh5 20. dxc6 Bxc6 21.
f3 Qh4 22. Nd5 Rac8 23. Qc3 Ra8 24. Nxc7 d5 25. Qxc6 d4 26. Nxa8 Qd8 27. Nc7
Re7 28. Nd5 Qe8 29. Nxe7+ Qxe7 30. Qa8+ Kh7 31. Qxa5 f6 32. Rf1 g5 33. h3 Kg7
34. Qb4 Qd7 35. c3 d3 36. Rf2 Kf7 37. Qc4+ Kg7 38. Rxd3 Qe7 39. Rfd2 Kg6 40. a4
Qg7 41. Qe6 Kh5 42. g4+ Kg6 43. Qf5+ Kf7 44. Rd7+ Kg8 45. Rxg7+ Kxg7 46. Rd7+
Kf8 47. Ra7 Ke8 48. Qc8# 1-0